| 000 | 01294nam a2200241Ia 4500 | ||
|---|---|---|---|
| 003 | Ost | ||
| 005 | 20260416102350.0 | ||
| 008 | 260416s9999||||xx |||||||||||||| ||und|| | ||
| 040 | _cfsecg | ||
| 041 | _aara | ||
| 082 | _a1.6 | ||
| 100 |
_aحنك، سعيدة _eمؤلف |
||
| 245 | 0 |
_a أنظمة المعلومات وتصميم قواعد البيانات : _bمطبوعة في مقياس الإعلام الآلي / _c سعيدة حنك |
|
| 260 |
_aالجزائر _bجامعة الجزائر3: كلية العلوم الإقتصادية، العلوم التجارية وعلوم التسيير _c2018 |
||
| 300 |
_a83 ورقة _bايضاحات _c30 سم |
||
| 504 | _aمراجع ص.83 | ||
| 520 | _aمفاهيم عامة عن نظام المعلومات، نظام المعلومات المحوسب، الطريقة المتبعة لتصميم قاعدة البيانات، انشاء قاعدة البيانات باستعمال أكساس، دراسة حالة | ||
| 653 | _aإعلام آلي | ||
| 653 | _aالبيانات | ||
| 653 | _aنظم المعلومات- المؤسسة الممتدة | ||
| 710 |
_aجامعة الجزائر3: كلية العلوم الإقتصادية، العلوم التجارية وعلوم التسيير _eناشر علمي |
||
| 942 | _cHANDOUT | ||
| 999 |
_c40970 _d40970 |
||